Países del Imperio Colonial Francés en un mapa - Estadísticas

Estadísticas generales
  • Esta prueba ha sido intentada 74 veces
    59 desde el último reinicio
  • La puntuación promedio es 30 de 34
Respuestas en el mapa
Las respuestas están codificadas por una escala verde-roja en el mapa de la prueba según el % correcto abajo.
 
Estadísticas de respuestas
Respuesta % Correcto
Francia
100%
Argelia
96%
Camboya
96%
Canadá
96%
Marruecos
96%
Túnez
96%
Vietnam
96%
Madagascar
94%
Senegal
94%
Estados Unidos
92%
Siria
92%
Camerún
90%
Chad
90%
India
90%
Laos
90%
Libia
90%
Mali
90%
Mauricio
90%
República Centroafricana
90%
República del Congo
90%
Togo
90%
Costa de Marfil
88%
Haití
88%
Mauritania
88%
Níger
88%
Turquía
88%
Guinea
87%
Burkina Faso
85%
Líbano
85%
Benin
83%
Gabón
81%
Comoras
79%
Yemen
77%
Yibuti
71%
No se encontraron pruebas coincidentes
Distribución de puntuación
Porcentaje de gente con cada puntuación
Porcentaje por número respondido
Historial de tus puntuaciones
No has intentado esta prueba desde el último reinicio